Central Library OPAC University of Rajshahi

Principles and practice of public administration. / (Record no. 46918)

MARC details
000 -LEADER
fixed length control field 00762nam a2200253 a 4500
001 - CONTROL NUMBER
control field 46918
003 - CONTROL NUMBER IDENTIFIER
rucl marc code BD-RjUL
005 - DATE AND TIME OF LATEST TRANSACTION
control field 20211209054229.0
008 - FIXED-LENGTH DATA ELEMENTS--GENERAL INFORMATION
fixed length control field 160806s1974 pk b 000 0 eng d
035 ## - SYSTEM CONTROL NUMBER
System control number (BD-RjUL)47037
040 ## - CATALOGING SOURCE
Original cataloging agency CLA
Transcribing agency CLA
Modifying agency ZCU
-- BD-RjUL
Language of cataloging eng
041 ## - LANGUAGE CODE
Language code of text/sound track or separate title eng
082 ## - DEWEY DECIMAL CLASSIFICATION NUMBER
Edition number 23
Classification number 351
Author mark and year RUP 1974
099 ## - LOCAL FREE-TEXT CALL NUMBER (OCLC)
Bangla Class number 350
-- R934
100 1# - MAIN ENTRY--PERSONAL NAME
Personal name Ruthnaswamy, M.
Fuller form of name (Mariadas),
Dates associated with a name 1885-
9 (RLIN) 142915
245 10 - TITLE STATEMENT
Title Principles and practice of public administration. /
Statement of responsibility, etc. M. Ruthnaswamy
250 ## - EDITION STATEMENT
Edition statement 5th rev. ed.
260 ## - PUBLICATION, DISTRIBUTION, ETC. (IMPRINT)
Place of publication, distribution, etc. Allahabad :
Name of publisher, distributor, etc. Central Book Depot,
Date of publication, distribution, etc. 1974
300 ## - PHYSICAL DESCRIPTION
Pagination [6], 360 p. ;
Size 23 cm.
500 ## - GENERAL NOTE
General note Includes bibliography.
650 #0 - SUBJECT ADDED ENTRY--TOPICAL TERM
Topical term or geographic name as entry element Public administration.
9 (RLIN) 142916
651 #0 - SUBJECT ADDED ENTRY--GEOGRAPHIC NAME
Geographic name India
General subdivision Politics and government.
9 (RLIN) 142917
942 ## - ADDED ENTRY ELEMENTS (KOHA)
Source of classification or shelving scheme Dewey Decimal Classification
Koha item type Books
Holdings
Lost status Source of classification or shelving scheme Damaged status Not for loan Collection code Permanent Location Current Location Shelving location Date acquired Source of acquisition Cost, normal purchase price Total Checkouts Full call number Date last seen Copy number Koha item type
  Dewey Decimal Classification     Non-fiction Central Library, University of Rajshahi Central Library, University of Rajshahi   08/04/1980 K.P. Bagicha, Calcutta 9.00   351 RUP 1974 06/08/2016 C-2 Books